| 000 | 00906nam a22002652 4500 | ||
|---|---|---|---|
| 001 | 19281 | ||
| 003 | BD-RjUL | ||
| 005 | 20211209000417.0 | ||
| 008 | 140223s1960 1958 enk 000 0 eng d | ||
| 035 | _a(BD-RjUL)19339 | ||
| 040 |
_aRBN _cRBN _dUKM _dGZM _dBD-RjUL _beng |
||
| 041 | _aeng | ||
| 082 | 0 | 4 |
_a812.5 _218 _bWIS 1960 |
| 090 |
_aPS3545.I345 _bS5 1958 |
||
| 100 | 1 |
_aWilder, Thornton, _d1897-1975. _955933 |
|
| 245 | 0 | 4 |
_aThe skin of our teeth : _ba play in three acts / _cEd. by F.Y. Thompson. |
| 260 |
_aLondon ; _aNew York ; _aToronto : _bLongmans, Green, _c1960 |
||
| 300 |
_axiv p., 1 β., 144 p. : _c18 cm. |
||
| 490 | 1 |
_aHeritage of literature series, _vsection B, no. 31 |
|
| 500 | _a"This edition first published 1958." | ||
| 830 | 0 |
_vsection B, no. 31 _959306 |
|
| 700 | 1 |
_aThompson, Francis Younghusband. _959302 |
|
| 830 | 0 |
_aHeritage of literature series, _959307 |
|
| 942 |
_2ddc _cBK |
||
| 999 |
_c19281 _d19281 |
||